<?xml version="1.0" encoding="UTF-8"?>
<record
    xmlns:xsi="http://www.w3.org/2001/XMLSchema-instance"
    xsi:schemaLocation="http://www.loc.gov/MARC21/slim http://www.loc.gov/standards/marcxml/schema/MARC21slim.xsd"
    xmlns="http://www.loc.gov/MARC21/slim">

  <leader>02643cam a2200313 a 4500</leader>
  <controlfield tag="001">203739</controlfield>
  <controlfield tag="003">OSt</controlfield>
  <controlfield tag="005">20211125155030.0</controlfield>
  <controlfield tag="008">990512s2000    maua     b    001 0 eng  </controlfield>
  <datafield tag="010" ind1=" " ind2=" ">
    <subfield code="a">   99063448 </subfield>
  </datafield>
  <datafield tag="020" ind1=" " ind2=" ">
    <subfield code="a">0072909994 (student ed.)</subfield>
  </datafield>
  <datafield tag="040" ind1=" " ind2=" ">
    <subfield code="a">DLC</subfield>
    <subfield code="c">LC</subfield>
    <subfield code="d">DLC</subfield>
  </datafield>
  <datafield tag="050" ind1="0" ind2="0">
    <subfield code="a">HG4026.B66(6e)</subfield>
  </datafield>
  <datafield tag="082" ind1="0" ind2="0">
    <subfield code="a">658.15</subfield>
    <subfield code="2">21</subfield>
  </datafield>
  <datafield tag="100" ind1="1" ind2=" ">
    <subfield code="a">Brealey, Richard A.</subfield>
  </datafield>
  <datafield tag="245" ind1="1" ind2="0">
    <subfield code="a">Principles of corporate finance. /</subfield>
    <subfield code="c">Richard A. Brealey, Stewart C. Myers.</subfield>
  </datafield>
  <datafield tag="250" ind1=" " ind2=" ">
    <subfield code="a">6th ed.</subfield>
  </datafield>
  <datafield tag="260" ind1=" " ind2=" ">
    <subfield code="a">Boston:</subfield>
    <subfield code="b">Irwin/McGraw-Hill,</subfield>
    <subfield code="c">2000.</subfield>
  </datafield>
  <datafield tag="300" ind1=" " ind2=" ">
    <subfield code="a">xxvi, 1093 p. :</subfield>
    <subfield code="b">ill. (some col.) ;</subfield>
    <subfield code="c">26 cm.</subfield>
  </datafield>
  <datafield tag="440" ind1=" " ind2="4">
    <subfield code="a">The Irwin/McGraw-Hill series in finance, insurance, and real estate</subfield>
  </datafield>
  <datafield tag="500" ind1=" " ind2=" ">
    <subfield code="a">Includes a CD-ROM.</subfield>
  </datafield>
  <datafield tag="504" ind1=" " ind2=" ">
    <subfield code="a">Includes bibliographical references and index.</subfield>
  </datafield>
  <datafield tag="505" ind1=" " ind2=" ">
    <subfield code="a">Contents: 1. Value: Finance and the financial manager -- Present value and the cost of capital -- How to calculate present values -- The value of common stocks -- Why net present value leads to better investment decisions than other criteria -- Making investment decisions with the net present value rule -- 2. Risk: Introduction to risk, return and the opportunity cost of capital --  Risk and return -- Capital budgeting and risk -- 3. Practical problems in capital budgeting: A Project is not a black box -- Where positive net present values come from -- Making sure managers maximize NPV -- 4. Financing decisions and market efficiency: Corporate financing and the six lessons of market efficiency -- An overview of corporate financing -- How corporations issue securities 5. Dividend policy and capital structure: The Dividend controversy -- Does debt policy matter -- How much should a firm borrow -- Financing and valuation -- 6. Options: Spotting and valuing options -- Real options -- Warrants and convertibles -- 7. Debt financing: Valuing debt -- The many different kinds of debt -- Leasing -- 8. Risk management: Managing risk -- Managing international risks -- 9. Financial planning and short-term financial management: Financial analysis and planning -- Short-term financial planning -- Credit management -- Cash management -- Short-term lending and borrowing -- 10. Mergers, corporate control and governance: Mergers -- Control, governance and financial architecture -- 11. Conclusions: Conclusion: what we do and do not know about finance --  </subfield>
  </datafield>
  <datafield tag="650" ind1=" " ind2="0">
    <subfield code="a">Corporations</subfield>
    <subfield code="x">Finance.</subfield>
  </datafield>
  <datafield tag="700" ind1="1" ind2=" ">
    <subfield code="a">Myers, Stewart C.</subfield>
  </datafield>
  <datafield tag="906" ind1=" " ind2=" ">
    <subfield code="a">7</subfield>
    <subfield code="b">cbc</subfield>
    <subfield code="c">orignew</subfield>
    <subfield code="d">1</subfield>
    <subfield code="e">opcn</subfield>
    <subfield code="f">19</subfield>
    <subfield code="g">y-gencatlg</subfield>
  </datafield>
  <datafield tag="942" ind1=" " ind2=" ">
    <subfield code="2">lcc</subfield>
    <subfield code="c">BK</subfield>
  </datafield>
  <datafield tag="999" ind1=" " ind2=" ">
    <subfield code="c">8128</subfield>
    <subfield code="d">15628</subfield>
  </datafield>
  <datafield tag="952" ind1=" " ind2=" ">
    <subfield code="0">0</subfield>
    <subfield code="1">0</subfield>
    <subfield code="2">lcc</subfield>
    <subfield code="4">0</subfield>
    <subfield code="7">0</subfield>
    <subfield code="a">WIUC-KL</subfield>
    <subfield code="b">WIUC-KL</subfield>
    <subfield code="c">GEN</subfield>
    <subfield code="d">2019-11-07</subfield>
    <subfield code="l">0</subfield>
    <subfield code="o">HG4026.B66(6e)</subfield>
    <subfield code="p">K/1605/1605/19</subfield>
    <subfield code="r">2021-11-25 00:00:00</subfield>
    <subfield code="w">2021-11-25</subfield>
    <subfield code="y">BK</subfield>
  </datafield>
</record>
